| 000 | 01149nas a2200349 4500 | ||
|---|---|---|---|
| 001 | BR0400514 | ||
| 003 | BR-BrBNA | ||
| 005 | 20231205104253.0 | ||
| 007 | ta | ||
| 008 | 230509b bl.|||p| |||| 00| 00por d | ||
| 040 |
_aBR-BrBNA _bpor _cBiblioteca Nacional de Agricultura |
||
| 041 | _a(Pt) | ||
| 072 | _aE16; F08 | ||
| 100 | 1 | _aXavier, C. | |
| 100 | 1 | _aCaetano, L.C.S. | |
| 100 | 1 | _aFerreira, J.M. | |
| 245 | 1 | _aAnálise econômica de um sistema de produção de alface (Lactuca sativa)em cultivo protegido no município de São Francisco do Itabapoana, região Norte Fluminense | |
| 650 | _aALFACE | ||
| 650 | _aANÁLISE ECONÔMICA | ||
| 650 | _aSISTEMA DE PRODUÇAO | ||
| 650 | _aCULTIVO PROTEGIDO | ||
| 650 | _aCUSTO DE PRODUÇÃO | ||
| 650 | _aRENDIMENTO | ||
| 650 | _aINDICADOR ECONÔMICO | ||
| 650 | _aCOMERCIALIZAÇÃO | ||
| 650 | _aAGRICULTURA FAMILIAR | ||
| 650 | _aDESPESA | ||
| 650 | _aRIO DE JANEIRO | ||
| 773 | 0 |
_tPesquisa Agropecuária e Desenvolvimento Sustentável (Brazil) _xISSN 1677-8391 _g(Jun 2003), v. 1(2) p. 137-144 _wBR0400514 |
|
| 909 |
_a202311 _bLúcia _c55 _dLúcia Elande |
||
| 942 |
_2AGRIS _n0 _cANA |
||
| 999 |
_c177278 _d177278 |
||